000 00556nam a2200181 i 4500
001 20793
003 ES-MaACL
005 20230906152350.0
007 t|
008 021118s1929 fr ||||1| fre d
080 _a06 (44.36)
100 1 _aAjalbert, Jean.
_919024
245 1 4 _aLes mystéres de l'Académie Goncourt /
_cJean Ajalbert.
260 _aParís :
_bJ. Ferenczi et Fils,
_c1929 (
_eMontrouge :
_fL'Imprimerie Moderne)
300 _a330 p., 2 lám. ;
_c19 cm.
610 2 4 _aAcadémie Goncourt.
_9161131
852 _aES-MaACL
_jA-2107
_bR.13219
999 _c20793
_d20793